000 00862cam a2200289 i 4500
001 14170
003 (BD-RjUL)
005 20211208235601.0
008 140205s1976 enka b 000 0 eng d
020 _a0713125527 :
_a0713125535
035 _a(BD-RjUL)14222
040 _aDLC
_cDLC
_dDLC
_d(BD-RjUL)
_beng
041 _aeng
082 0 0 _a632
_bWHD 1976
100 1 _aWheeler, Bryan Edward John.
_944253
245 1 0 _aDiseases in crops /
_cby B. E. J. Wheeler.
260 _aLondon :
_bEdward Arnold,
_c1976.
300 _a 60p. :
_bill. ;
_c23 cm.
490 1 _aInstitute of Biology studies in biology ; no. 64
504 _aBibliography: p. [60]
650 0 _aPlant diseases.
_944254
830 0 _vno. 64.
_944259
830 0 _aInstitute of Biology's studies in biology ;
_944260
942 _2ddc
_cBK
999 _c14170
_d14170